000 00641nam a2200241Ia 4500
005 20260430150607.0
008 008 250103s9999 xx 000 0 eng d
037 _aTheses
040 _aCRL
040 _beng
040 _ceng
041 _2eng
041 _aeng
084 _qCRL
100 _aSharma Ojaswita Au.; Abraham Janaki Gu.; Chatterji Roma Gu.
_91237951
245 0 _aDeusi and Bhailo Songs: Performative Arts and Beyond
260 _c2023
300 _a224p.
650 _aSociology
700 _aUniversity of Delhi. Faculty of Social Science. Deptt. of Sociology
942 _cTH
999 _c1850163
_d1850163